30 biggest cities and towns in Vermont - Statistics

General Stats
  • This quiz has been taken 46 times
  • The average score is 14 of 30
Answer Stats
Population City % Correct
44,743 Burlington
100%
8,074 Montpelier
94%
20,292 South Burlington
83%
12,184 Brattleboro
74%
11,540 Essex
74%
15,807 Rutland
71%
15,333 Bennington
66%
10,590 Essex Junction
60%
8,491 Barre
57%
7,923 Barre
57%
7,364 St. Johnsbury
57%
17,524 Colchester
54%
6,988 St. Albans
54%
6,887 St. Albans
54%
7,997 Winooski
49%
5,223 Stowe
46%
9,152 Middlebury
34%
5,331 Waterbury
34%
9,062 Springfield
31%
10,103 Williston
31%
10,723 Milton
29%
7,717 Shelburne
29%
10,686 Hartford
23%
5,104 Jericho
23%
5,434 Morristown
20%
4,845 Georgia
17%
6,701 Swanton
14%
5,014 Fairfax
11%
5,491 Lyndon
9%
5,918 Northfield
9%
No matching quizzes found
Score Distribution
Percent of People with Each Score
Percentile by Number Answered
Your Score History
You have not taken this quiz